Décodez le clavier #1 - Statistiques

Statistiques générales
  • Ce quiz a été pris 35 fois
  • Le résultat moyen est 4 sur 10
Statistiques - réponses
Par images Hint Réponse % Correct
6 lettres Mettre
90%
7 lettres Boucher
87%
7 lettres Cuisine
53%
6 lettres Puzzle
47%
6 lettres Montée
43%
7 lettres Morceau
33%
7 lettres Théâtre
30%
7 lettres Monnaie
20%
MOT MYSTÈRE Pièce
20%
9 lettres Rapportée
7%
Aucun quiz correspondant
Distribution des résultats
% des personnes avec chaque résultat
Percentile par nombre de réponses
Votre historique - résultats
Vous n’avez pas pris ce quiz